| 000 | 00889nam a2200241 a 4500 | ||
|---|---|---|---|
| 001 | 000007098 | ||
| 005 | 20200929154051.0 | ||
| 008 | 090904s1988 dr 000 0 spa d | ||
| 040 |
_aDO-SdBNP _bspa _cBNPHU |
||
| 082 |
_a344.729301 _bR426co, 1951 |
||
| 110 | 1 |
_aRepública Dominicana _9447 |
|
| 240 | 1 | 0 | _a[Código de trabajo, 1951] |
| 245 | 1 | 0 | _aCódigo de trabajo de la República Dominicana. |
| 246 | 1 | 4 |
_aCódigo de trabajo de la República Dominicana: _bleyes que lo modifican y lo completan |
| 260 |
_aSanto Domingo : _b[s.n.], _c1988. |
||
| 300 |
_a256 p. : _b22 cm. |
||
| 500 | _aIncluye notas al pie de las páginas | ||
| 590 | _aInventariado,2018/DG | ||
| 650 | 4 |
_aDerecho laboral _xLegislación _zRepública Dominicana _97806 |
|
| 650 | 4 |
_aLeyes _zRepública Dominicana _93033 |
|
| 651 | 4 |
_aRepública Dominicana _xLey 2920 _916444 |
|
| 910 | _aValidado. Control de calidad MFF | ||
| 999 |
_c6879 _d6879 |
||